Handbook for applying the guiding principles on internal displacement: (Record no. 4959)

MARC details
000 -LEADER
fixed length control field 00759nam a22002177a 4500
003 - CONTROL NUMBER IDENTIFIER
control field LK-CoMWRAF
005 - DATE AND TIME OF LATEST TRANSACTION
control field 20240701154134.0
008 - FIXED-LENGTH DATA ELEMENTS--GENERAL INFORMATION
fixed length control field 240701b1999 |||||||| |||| 00| 0 eng d
040 ## - CATALOGING SOURCE
Original cataloging agency LK-CoMWRAF
Modifying agency LK-CoMWRAF
Description conventions LK-CoMWRAF
041 ## - LANGUAGE CODE
Language code of text/sound track or separate title English
082 ## - DEWEY DECIMAL CLASSIFICATION NUMBER
Classification number 341.486
Item number BRO
942 ## - ADDED ENTRY ELEMENTS (KOHA)
Koha item type Books
110 ## - MAIN ENTRY--CORPORATE NAME
Corporate name or jurisdiction name as entry element Brookings institution
700 ## - ADDED ENTRY--PERSONAL NAME
Personal name Martin, Susan Forbes
700 ## - ADDED ENTRY--PERSONAL NAME
Personal name Deng, Francis M.
245 ## - TITLE STATEMENT
Title Handbook for applying the guiding principles on internal displacement:
Remainder of title the Brookings institution project on internal displacement
260 ## - PUBLICATION, DISTRIBUTION, ETC. (IMPRINT)
Name of publisher, distributor, etc. [Brookings Institution]
Date of publication, distribution, etc. 1999
300 ## - PHYSICAL DESCRIPTION
Extent iii.,61 p.
856 ## - ELECTRONIC LOCATION AND ACCESS
Uniform Resource Identifier <a href="https://www.ohchr.org/sites/default/files/Documents/Issues/IDPersons/Handbook.pdf">https://www.ohchr.org/sites/default/files/Documents/Issues/IDPersons/Handbook.pdf</a>
650 ## - SUBJECT ADDED ENTRY--TOPICAL TERM
Topical term or geographic name as entry element INTERNALLY DISPALCED PEOPLE-Handbooks
Holdings
Withdrawn status Lost status Damaged status Not for loan Permanent Location Current Location Date acquired Full call number Barcode Koha item type
        Resource center, Muslim Women's Research And Action Forum Resource center, Muslim Women's Research And Action Forum 2024-07-01 341.486 BRO RAF5345 Books

Copyright © 2023 Muslim Women's Research and Action Forum (MWRAF), No 27/3, Anderson Road, Kalubowila, Dehiwela. Funded by The Asia Fundation